banner-ar

اساسيات اختيار العينة فى البحو العلمية : (Record no. 63635)

MARC details
000 -الفاتح
حقل البيانات ثابتة الطول 01280nam a22002657a 4500
005 - وقت وتاريخ اخر تعامل مع التسجيلة
رقم الضبط 20240530110651.0
008 - عناصر البيانات ثابتة الطول - معلومات عامة
حقل البيانات ثابتة الطول 171212s2015 su a g b 000 0dara d
017 ## - رقم الايداع القانونى
رقم الايداع القانونى 1436/1516
المصدر ( الهيئة المختصة) السعودية . مكتبة الملك فهد الوطنية
020 ## - الرقم الدولى المعيارى للكتب
الرقم الدولى المعيارى للكتاب 9960142337
040 ## - مصدر الفهرسة
وكالة الفهرسة الأصلية EG-CaGPL
وكالة النسخ EG-CaGPL
082 04 - رقم تصنيف ديوى العشرى
رقم الطبعة 21
رقم التصنيف 519.52 /
رقم المادة د أ
100 1# - المدخل الرئيسى - إسم شخصى
الإسم الشخصى دانييل، جونى
245 10 - بيان العنوان
العنوان اساسيات اختيار العينة فى البحو العلمية :
بقية العنوان مبادئ توجيهية عملية لاجراء اختيارات العينة البحثية /
بيان المسئوليه,etc تاليف جونى دانييل ؛ ترجمة طارق عطية عبدالرحمن ؛ راجع الترجمة محمد بن ابراهيم عقيل
260 ## - PUBLICATION, DISTRIBUTION, ETC. (IMPRINT)
تاريخ النشر أو التوزيع 2015.
300 ## - الوصف المادى
التعداد 374 ص. :
تفاصيل ماديه اخرى للوعاء ايض ؛
أبعاد الوعاء 24 سم.
504 ## - تبصرة ببليوجرافية
تبصرة ببليوجرافية,الخ يشتمل على ارجاعات ببليوجرافية
650 07 - المدخل الاضافى بالموضوع-مصطلح موضوعى
مصدر الرأس أو المصطلح qrmak
مصطلح موضوعي العينات ( احصاء )
650 07 - المدخل الاضافى بالموضوع-مصطلح موضوعى
مصدر الرأس أو المصطلح qrmak
مصطلح موضوعي طرق البحث
650 07 - المدخل الاضافى بالموضوع-مصطلح موضوعى
مصدر الرأس أو المصطلح qrmak
مصطلح موضوعي الطرق الاحصائية
651 ## - المدخل الاضافى بالموضوع - اسم جغرافى
مصدر الرأس أو المصطلح qrmak
700 0# - المدخل الاضافى - اسم شخصى
الإسم الشخصى طارق عطية عبدالرحمن
الدور مترجم
700 0# - المدخل الاضافى - اسم شخصى
الإسم الشخصى محمد بن ابراهيم عقيل
الدور مراجع
942 ## - عناصر المدخل الإضافي( كوها)
مصدر التصنيف او مخطط الترفيف Dewey Decimal Classification
Koha [default] item type كتاب
260 ## - PUBLICATION, DISTRIBUTION, ETC. (IMPRINT)
-- الرياض :
-- معهد الادارة العامة ،
Holdings
حالة التراجع حالة الفقد حالة تلف ليس للاعارة المكان المؤقت الموقع الحالى موقع الترفيف تاريخ الاكتساب اجمالي اﻻعارات رقم الطلب الباركود تاريخ اخر مشاهدة تاريخ تفعيل السعر نوع وعاء كوها
        مكتبة القاهرة الكبرى مكتبة القاهرة الكبرى القاعة الرئيسية 12/12/2017   519.52 / د أ 163741 12/12/2017 12/12/2017 كتاب

Powered By

EGPV